Frankreich: 10 größte Städte - Statistiken

Allgemein
  • Dieses Quiz wurde 658 mal gespielt
  • Das Durchschnittsergebnis liegt bei 7 aus 10
Antwortstatistiken
Nummer Einwohner Stadt % Korrekt
1 2.133.000 Paris
100%
2 873.000 Marseille
96%
3 522.000 Lyon
92%
5 348.000 Nizza
75%
8 291.000 Straßburg
75%
9 262.000 Bordeaux
72%
10 237.000 Lille
60%
4 504.000 Toulouse
59%
6 323.000 Nantes
52%
7 303.000 Montpellier
46%
Keine übereinstimmenden Quizze gefunden
Verteilung der Resultate
Anzahl Personen mit jedem Resultat
Perzentil nach korrekt beantworteten Fragen
Ihre Resultats-Entwicklung
Sie haben dieses Quiz noch nicht gespielt